| 000 | 009410000a22003010004500 | ||
|---|---|---|---|
| 001 | 17 | ||
| 003 | CO-MdFUSB | ||
| 005 | 20160311151240.0 | ||
| 008 | 160311t19771977eng |f |||| 00| 0 eng d | ||
| 010 | _aCO-MdFUSB | ||
| 020 | _a0-06-010576-X | ||
| 040 |
_cCO-MdFUSB _erda |
||
| 041 | 0 | _aENG | |
| 082 | 0 | 4 | _aR 032 H22932h |
| 100 | 1 | _aBullock, Alan | |
| 245 | 1 | 0 |
_aThe Harper dictionary of modern thought _c / Alan Bullock , Oliver Stallybrass , Editores. |
| 260 |
_aNew York _b : Harper and Row _c1977 |
||
| 300 | _a648 páginas | ||
| 336 | _a5 | ||
| 337 |
_2rdamedia _a2 |
||
| 338 | _a2 | ||
| 501 | _aPasta dura | ||
| 504 | _aIncluye referencias bibliográficas: páginas | ||
| 505 | 0 | 0 | _aDiccionario del pensamiento moderno -- Términos claves del siglo XX |
| 650 | 1 | 4 | _aFILOSOFIA \ ENCICLOPEDIAS Y DICCIONARIOS |
| 653 |
_aFILOSOFIA \ ENCICLOPEDIAS Y DICCIONARIOS _aFILOSOFIA \ ENCICLOPEDIAS Y DICCIONARIOS |
||
| 942 | _cBK | ||
| 999 |
_c31574 _d31574 |
||